000 00859nam a2200277 a 4500
001 BRCA_7748
005 20190320205956.0
008 120913s1955----enke######---#000-0#eng-#
041 _aeng
044 _aenk
050 4 _aND456
_b.E97 1955
245 1 0 _aEuropean masters of the eighteenth century
_bwinter exhibition catalogue
_cRoyal Academy of Arts.
250 _a2
260 _aLondres
_bRoyal Academy of Arts
_c1955
300 _axii, 188 p.
_bil., planos
_c22 cm.
440 0 _aCatalogue Shillings
_n2
_919175
500 _aU101
504 _aBibliografía p. viii-x
650 1 4 _aPintores europeos
_93990
650 1 4 _aGalerías y museos
_zInglaterra
_919176
650 1 4 _aPintura
_vExposiciones
_xHistoria
_912728
650 1 4 _aPintura
_vCatálogos
_913336
710 2 _aRoyal Academy of Arts (Londres)
_919177
902 _aGFM
942 _2lcc
_cB
999 _c7422
_d7422